[Event "Washington op 10th"]
[Site "Rockville"]
[Date "2023.08.16"]
[Round "9"]
[White "Girsh, Daniel"]
[Black "Lin, Andy"]
[Result "1-0"]
[WhiteElo "2200"]
[BlackElo "2334"]
[PlyCount "85"]
[EventDate "2023.08.12"]
[EventType "swiss"]
[EventRounds "9"]
[EventCountry "USA"]
[SourceTitle "CBM 215 Extra"]
[Source "ChessBase"]
[SourceDate "2023.09.30"]
[SourceVersion "1"]
[SourceVersionDate "2023.09.30"]
[SourceQuality "1"]

1. e4 c5 2. Nf3 Nc6 3. Nc3 Nf6 4. Bb5 g6 5. e5 Ng4 6. Bxc6 dxc6 7. h3 Nh6 8. d3 Bg7 9. Be3 b6 10. g4 f5 11. exf6 exf6 12. Qd2 Nf7 13. 0-0-0 0-0 14. Rdg1 Be6 15. h4 Qd7 16. g5 f5 17. h5 Bd5 18. hxg6 hxg6 19. Qd1 Rfe8 20. Rh4 a5 21. Rgh1 a4 22. a3 Qd6 23. Bf4 Qd7 24. Be3 Qd6 25. Bf4 Qd8 26. Be3 Re7 27. R1h3 Qd6 28. Bf4 Qd7 29. Be3 Qd6 30. Bf4 Qe6 31. Be3 Ne5 32. Nxe5 Qxe5 33. d4 Qd6 34. Bf4 Qe6 35. Be5 Raa7 36. Bxg7 Rxg7 37. dxc5 bxc5 38. Rh8+ Kf7 39. Re3 Qd6 40. Ree8 Rd7 41. Nxd5 cxd5 42. Qxd5+ Qxd5 43. Rhf8# 1-0

[Event "Washington op 10th"]
[Site "Rockville"]
[Date "2023.08.14"]
[Round "5"]
[White "Fishbein, Mitch"]
[Black "Lin, Andy"]
[Result "0-1"]
[WhiteElo "2157"]
[BlackElo "2334"]
[PlyCount "162"]
[EventDate "2023.08.12"]
[EventType "swiss"]
[EventRounds "9"]
[EventCountry "USA"]
[SourceTitle "CBM 215 Extra"]
[Source "ChessBase"]
[SourceDate "2023.09.30"]
[SourceVersion "1"]
[SourceVersionDate "2023.09.30"]
[SourceQuality "1"]

1. d4 d5 2. c4 e6 3. Nc3 Bb4 4. a3 Bxc3+ 5. bxc3 Nf6 6. e3 c6 7. cxd5 cxd5 8. Nf3 0-0 9. c4 b6 10. cxd5 Qxd5 11. Be2 Ba6 12. 0-0 Bxe2 13. Qxe2 Rc8 14. Bd2 Nbd7 15. Rfc1 Qb7 16. a4 a6 17. Rab1 h6 18. h3 Rc6 19. Rc4 Rxc4 20. Qxc4 Rc8 21. Qd3 Qe4 22. Ne1 e5 23. Qxa6 Ra8 24. Qb5 exd4 25. Rb4 Ra5 26. Qc4 dxe3 27. Qc8+ Nf8 28. fxe3 Ra8 29. Qc7 Qe8 30. Qc2 N8d7 31. Nf3 Qe6 32. Nd4 Qe4 33. Qc7 Qd3 34. Qc6 Re8 35. Qc2 Qxc2 36. Nxc2 Ne4 37. Be1 Nec5 38. Bc3 Ra8 39. Bd4 Nxa4 40. Rb1 Rc8 41. Nb4 Nc3 42. Bxc3 Rxc3 43. Nd5 Rd3 44. Rb5 Nc5 45. Nxb6 Ne4 46. Nd5 Kh7 47. Rb4 Rd1+ 48. Kh2 Nd2 49. Kg3 f5 50. Rd4 Ne4+ 51. Kh2 Re1 52. g4 Re2+ 53. Kg1 Re1+ 54. Kg2 Re2+ 55. Kf1 Ng3+ 56. Kg1 Ra2 57. Rc4 Rd2 58. Nf4 fxg4 59. hxg4 Ne2+ 60. Nxe2 Rxe2 61. Re4 Kg6 62. Kf1 Ra2 63. Re5 Ra4 64. e4 Ra2 65. Rf5 Rb2 66. Re5 Rh2 67. Rf5 Rh4 68. Kf2 Rxg4 69. Kf3 Rg1 70. Ra5 h5 71. Kf4 h4 72. Ra6+ Kh5 73. e5 Rf1+ 74. Ke3 Re1+ 75. Kf4 g5+ 76. Kf5 h3 77. Ra8 Rf1+ 78. Ke4 Kg4 79. Rh8 Re1+ 80. Kd5 Kg3 81. e6 h2 0-1

[Event "Sunnyvale Independence Day op"]
[Site "Sunnyvale"]
[Date "2023.07.04"]
[Round "9"]
[White "Karthi, Jashith"]
[Black "Lin, Andy"]
[Result "0-1"]
[WhiteElo "1979"]
[BlackElo "2311"]
[PlyCount "132"]
[EventDate "2023.06.30"]
[EventType "swiss"]
[EventRounds "9"]
[EventCountry "USA"]
[SourceTitle "EXT 2024"]
[Source "ChessBase"]
[SourceDate "2023.10.10"]
[SourceVersion "1"]
[SourceVersionDate "2023.10.10"]
[SourceQuality "1"]

1. d4 d5 2. c4 e6 3. Nc3 c6 4. e4 Bb4 5. cxd5 exd5 6. e5 Ne7 7. Nf3 Bg4 8. Be2 Nd7 9. 0-0 0-0 10. Ne1 Bxe2 11. Qxe2 Ba5 12. Bg5 f6 13. exf6 Nxf6 14. Nd3 Ng6 15. Qe6+ Kh8 16. Ne5 Qe8 17. Qxe8 Nxe8 18. Nxg6+ hxg6 19. Rfe1 Rf5 20. h4 Nd6 21. Re7 Raf8 22. Be3 R8f7 23. Rxf7 Rxf7 24. Ne2 Re7 25. Nf4 Kh7 26. Nd3 Nf5 27. Ne5 Bc7 28. g4 Nxh4 29. f4 g5 30. Kf2 gxf4 31. Bxf4 Bxe5 32. Bxe5 Ng6 33. Rh1+ Kg8 34. Bb8 Re4 35. Bxa7 Rxg4 36. Rh3 Rf4+ 37. Ke1 Re4+ 38. Kd1 Nf4 39. Rb3 Re7 40. Bc5 Rd7 41. a4 Kf7 42. a5 Ke6 43. a6 bxa6 44. Rb6 Rc7 45. Rxa6 g5 46. Bb6 Rc8 47. Ke1 Kf5 48. Kf1 g4 49. Ra7 Rf8 50. Rg7 Ne6 51. Re7 Rb8 52. Rf7+ Kg6 53. Re7 Kf6 54. Ba7 Kxe7 55. Bxb8 Nxd4 56. Kf2 Nf5 57. Be5 Ke6 58. Bh8 d4 59. b4 Kd5 60. Ke2 Ke4 61. Bf6 d3+ 62. Ke1 g3 63. Bc3 Ne3 64. Bd2 Kf3 65. Bc1 g2 66. Bxe3 Kxe3 0-1

[Event "Sunnyvale Independence Day op"]
[Site "Sunnyvale"]
[Date "2023.07.03"]
[Round "7"]
[White "Yan, Nathan"]
[Black "Lin, Andy"]
[Result "1/2-1/2"]
[WhiteElo "2118"]
[BlackElo "2311"]
[PlyCount "38"]
[EventDate "2023.06.30"]
[EventType "swiss"]
[EventRounds "9"]
[EventCountry "USA"]
[SourceTitle "EXT 2024"]
[Source "ChessBase"]
[SourceDate "2023.10.10"]
[SourceVersion "1"]
[SourceVersionDate "2023.10.10"]
[SourceQuality "1"]

1. e4 c5 2. Nf3 d6 3. d4 cxd4 4. Nxd4 Nf6 5. Nc3 a6 6. f3 e6 7. Be3 b5 8. Qd2 Nbd7 9. g4 b4 10. Na4 h6 11. 0-0-0 Qc7 12. h4 Ne5 13. Qxb4 Rb8 14. Qc3 Qd7 15. b3 d5 16. Nc5 Qc7 17. Na4 Qd7 18. Nc5 Qc7 19. Na4 Qd7 1/2-1/2

[Event "Sunnyvale Independence Day op"]
[Site "Sunnyvale"]
[Date "2023.07.02"]
[Round "4"]
[White "Lin, Andy"]
[Black "Tao, Sihan"]
[Result "1-0"]
[WhiteElo "2311"]
[BlackElo "2090"]
[PlyCount "61"]
[EventDate "2023.06.30"]
[EventType "swiss"]
[EventRounds "9"]
[EventCountry "USA"]
[SourceTitle "EXT 2024"]
[Source "ChessBase"]
[SourceDate "2023.10.10"]
[SourceVersion "1"]
[SourceVersionDate "2023.10.10"]
[SourceQuality "1"]

1. e4 c5 2. Nf3 d6 3. d4 cxd4 4. Nxd4 Nf6 5. Nc3 Nc6 6. Bg5 e6 7. Qd2 a6 8. 0-0-0 Bd7 9. Kb1 Nxd4 10. Qxd4 Be7 11. Rg1 Bc6 12. g4 Qa5 13. Be3 Qe5 14. f3 Qxd4 15. Bxd4 0-0 16. Be3 Rfd8 17. a3 Nd7 18. g5 Nc5 19. h4 Rac8 20. Bh3 Bf8 21. Rd2 Nd7 22. f4 Nc5 23. f5 Nxe4 24. Nxe4 Bxe4 25. fxe6 Rc6 26. exf7+ Kxf7 27. Rg4 Bg6 28. Bg2 d5 29. Bxd5+ Rxd5 30. Rxd5 Rxc2 31. h5 1-0

[Event "Sunnyvale Independence Day op"]
[Site "Sunnyvale"]
[Date "2023.07.01"]
[Round "3"]
[White "Maiti, Milind"]
[Black "Lin, Andy"]
[Result "1/2-1/2"]
[WhiteElo "2239"]
[BlackElo "2311"]
[PlyCount "36"]
[EventDate "2023.06.30"]
[EventType "swiss"]
[EventRounds "9"]
[EventCountry "USA"]
[SourceTitle "EXT 2024"]
[Source "ChessBase"]
[SourceDate "2023.10.10"]
[SourceVersion "1"]
[SourceVersionDate "2023.10.10"]
[SourceQuality "1"]

1. d4 d5 2. c4 e6 3. Nc3 Bb4 4. Nf3 Nf6 5. Qa4+ Nc6 6. e3 0-0 7. Bd2 dxc4 8. Bxc4 Bd6 9. Qc2 e5 10. dxe5 Nxe5 11. Nxe5 Bxe5 12. f4 Bxc3 13. Bxc3 Ng4 14. Bd4 c5 15. Bxc5 Re8 16. 0-0 Nxe3 17. Bxe3 Rxe3 18. Qf2 Qb6 1/2-1/2

[Event "Sunnyvale Independence Day op"]
[Site "Sunnyvale"]
[Date "2023.06.30"]
[Round "1"]
[White "Lin, Andy"]
[Black "Atwell, Rose"]
[Result "1-0"]
[WhiteElo "2311"]
[BlackElo "2171"]
[PlyCount "101"]
[EventDate "2023.06.30"]
[EventType "swiss"]
[EventRounds "9"]
[EventCountry "USA"]
[SourceTitle "EXT 2024"]
[Source "ChessBase"]
[SourceDate "2023.10.10"]
[SourceVersion "1"]
[SourceVersionDate "2023.10.10"]
[SourceQuality "1"]

1. e4 c6 2. d4 d5 3. e5 Bf5 4. Nd2 e6 5. Nb3 c5 6. dxc5 Bxc5 7. Bb5+ Nc6 8. a4 Qb6 9. Nxc5 Qxc5 10. c3 a6 11. Be3 Qe7 12. Bxc6+ bxc6 13. a5 Qc7 14. Ne2 Ne7 15. 0-0 Qxe5 16. Bd4 Qd6 17. Bxg7 Rg8 18. Bd4 e5 19. Be3 c5 20. Ng3 0-0-0 21. b4 cxb4 22. Rc1 Kb8 23. f4 e4 24. Qd4 Rd7 25. cxb4 h5 26. b5 h4 27. Rc6 Nxc6 28. bxc6 Qxc6 29. Rb1+ Ka8 30. Rb6 Qc2 31. Rxa6+ Kb8 32. Rb6+ Ka8 33. Rb2 Qxb2 34. Qxb2 hxg3 35. Qb5 gxh2+ 36. Kxh2 Rg6 37. a6 Rgd6 38. Bc5 Rh6+ 39. Kg1 Bg4 40. Bd4 f6 41. Qc6+ Kb8 42. Qb6+ Ka8 43. Qc6+ Kb8 44. Qb5+ Ka8 45. Qc5 Rh8 46. Bxf6 Re8 47. Qc6+ Kb8 48. Bd4 Rg8 49. Kf2 Bf5 50. a7+ Rxa7 51. Be5+ 1-0

[Event "Las Vegas National op"]
[Site "Las Vegas"]
[Date "2023.06.17"]
[Round "7"]
[White "Lin, Andy"]
[Black "Schmakel, Sam A"]
[Result "0-1"]
[WhiteElo "2312"]
[BlackElo "2416"]
[PlyCount "94"]
[EventDate "2023.06.14"]
[EventType "swiss"]
[EventRounds "9"]
[EventCountry "USA"]
[SourceTitle "CBM 214 Extra"]
[Source "ChessBase"]
[SourceDate "2023.07.31"]
[SourceVersion "1"]
[SourceVersionDate "2023.07.31"]
[SourceQuality "1"]

1. Nf3 Nf6 2. g3 g6 3. c4 Bg7 4. Bg2 0-0 5. 0-0 d6 6. d4 c5 7. Nc3 Nc6 8. h3 cxd4 9. Nxd4 Nxd4 10. Qxd4 Be6 11. Bxb7 Nd5 12. Qh4 Nxc3 13. bxc3 Rb8 14. Bd5 Bxd5 15. cxd5 Bxc3 16. Bg5 f6 17. Bh6 Rb4 18. e4 Bxa1 19. Bxf8 Qxf8 20. Rxa1 Qc8 21. Qf4 Qc2 22. Rc1 Qxe4 23. Qd2 Rb1 24. Rxb1 Qxb1+ 25. Kg2 Qb5 26. Qd4 Qc5 27. Qe4 Kf8 28. h4 f5 29. Qd3 Kf7 30. Qd2 h6 31. Kg1 g5 32. hxg5 hxg5 33. Qxg5 Qxd5 34. Qh5+ Ke6 35. Qe8 Qe4 36. Qb8 a5 37. Qb3+ Qd5 38. Qc2 Qc5 39. Qe2+ Kd7 40. Qd3 e6 41. Kg2 d5 42. f3 Qc4 43. Qb1 Kc6 44. Kh3 d4 45. Qe1 Qxa2 46. Kh4 Qd5 47. Kg5 d3 0-1

[Event "Los Angeles 1000GM Spring op"]
[Site "Los Angeles"]
[Date "2023.03.19"]
[Round "5"]
[White "Gasparyan, Davit"]
[Black "Lin, Andy"]
[Result "1-0"]
[WhiteElo "2077"]
[BlackElo "2337"]
[PlyCount "71"]
[EventDate "2023.03.17"]
[EventType "swiss"]
[EventRounds "9"]
[EventCountry "USA"]
[SourceTitle "CBM 213 Extra"]
[Source "ChessBase"]
[SourceDate "2023.05.31"]
[SourceVersion "1"]
[SourceVersionDate "2023.05.31"]
[SourceQuality "1"]

1. e4 c5 2. Nc3 d6 3. g3 Nc6 4. Bg2 g6 5. d3 Bg7 6. Be3 Rb8 7. Qd2 b5 8. a3 a5 9. Nge2 b4 10. Na4 Bd7 11. axb4 axb4 12. d4 cxd4 13. Nxd4 Ne5 14. b3 Ng4 15. h3 Nxe3 16. Qxe3 Bxa4 17. bxa4 Qb6 18. Rd1 Qa6 19. Qb3 Nf6 20. Bf1 Qb7 21. Bb5+ Kf8 22. 0-0 Nxe4 23. Nc6 Rc8 24. Rfe1 Rxc6 25. Rxe4 Rc8 26. Qd3 Bc3 27. Ba6 Qd7 28. Bxc8 Qxc8 29. a5 Qxh3 30. Rxe7 Kg7 31. Qxd6 Qf5 32. Qd7 Qf6 33. a6 h5 34. Rd6 Qf3 35. Qc6 Qf5 36. Rxf7+ 1-0

[Event "Los Angeles 1000GM Spring op"]
[Site "Los Angeles"]
[Date "2023.03.18"]
[Round "2"]
[White "Lin, Andy"]
[Black "Daggupati, Balaji"]
[Result "0-1"]
[WhiteElo "2337"]
[BlackElo "2513"]
[PlyCount "86"]
[EventDate "2023.03.17"]
[EventType "swiss"]
[EventRounds "9"]
[EventCountry "USA"]
[SourceTitle "CBM 213 Extra"]
[Source "ChessBase"]
[SourceDate "2023.05.31"]
[SourceVersion "1"]
[SourceVersionDate "2023.05.31"]
[SourceQuality "1"]

1. Nf3 d5 2. g3 Nc6 3. d4 Bf5 4. Bg2 Nb4 5. Na3 e6 6. 0-0 Nf6 7. c3 Nc6 8. Qb3 Rb8 9. Ne5 Nxe5 10. dxe5 Nd7 11. Be3 Bc5 12. Bxc5 Nxc5 13. Qb5+ Nd7 14. Rfd1 c6 15. Qb4 Qb6 16. e4 Qxb4 17. cxb4 Bxe4 18. Bxe4 dxe4 19. Nc4 Ke7 20. Rd4 f5 21. exf6+ Nxf6 22. Rad1 Rhd8 23. Kf1 Rd5 24. Ne3 Rxd4 25. Rxd4 Rd8 26. Rxd8 Kxd8 27. Nc4 Kc7 28. Ke2 b5 29. Nd2 Kd6 30. h3 Ke5 31. a3 Nd7 32. Nb3 Kd5 33. Kd2 Ne5 34. Nc1 Nc4+ 35. Kc3 e3 36. f3 Nd2 37. Kd3 Nxf3 38. Kxe3 Nd4 39. Nd3 e5 40. Nc5 Nf5+ 41. Kf3 a5 42. Na6 a4 43. Nc5 Nd6 0-1

[Event "Los Angeles 1000GM IM 02"]
[Site "Los Angeles"]
[Date "2023.02.23"]
[Round "4"]
[White "Avila Rodriguez, Joshua Ad"]
[Black "Lin, Andy"]
[Result "0-1"]
[WhiteElo "2234"]
[BlackElo "2301"]
[PlyCount "208"]
[EventDate "2023.02.22"]
[EventType "tourn"]
[EventRounds "9"]
[EventCountry "USA"]
[EventCategory "3"]
[SourceTitle "CBM 213 Extra"]
[Source "ChessBase"]
[SourceDate "2023.05.31"]
[SourceVersion "1"]
[SourceVersionDate "2023.05.31"]
[SourceQuality "1"]

1. e4 c6 2. d4 d5 3. e5 Bf5 4. h4 h5 5. Bd3 Bxd3 6. Qxd3 Qa5+ 7. Nd2 e6 8. Ngf3 Nh6 9. 0-0 Nf5 10. Nb3 Qb5 11. Qd1 c5 12. a4 Qb6 13. dxc5 Bxc5 14. Nxc5 Qxc5 15. c3 Nc6 16. Re1 Rd8 17. Bg5 Rd7 18. Rc1 Qb6 19. b3 a6 20. Nd4 Ncxd4 21. cxd4 Rc7 22. Rxc7 Qxc7 23. g3 Qb6 24. Be3 Kd7 25. Re2 Rc8 26. Rc2 Rxc2 27. Qxc2 Qb4 28. Qd3 b5 29. axb5 Qxb5 30. Qc3 a5 31. Bd2 Qb4 32. Qd3 Qb6 33. Be3 Kc6 34. Qc3+ Kb7 35. Qd3 Qa6 36. Qc2 Qb5 37. Qc3 Qb4 38. Qd3 Kb6 39. Kg2 Qb5 40. Qc3 Qc6 41. Qd3 g6 42. Qd2 Qb5 43. Qc3 Ne7 44. Bg5 Nc6 45. Be3 Kc7 46. Kg1 Kd7 47. Kg2 Qb8 48. Kg1 Qa8 49. Qc5 Kc7 50. Kh2 Qd8 51. Bg5 Qb8 52. Qd6+ Kb7 53. Qc5 Qa7 54. Qf8 Ka6 55. Qd6 Kb5 56. Be3 Qe7 57. Bg5 Qxd6 58. exd6 Nb8 59. Bd2 f6 60. Kg2 a4 61. bxa4+ Kxa4 62. Kf3 Kb5 63. g4 hxg4+ 64. Kxg4 Kc6 65. h5 gxh5+ 66. Kxh5 Kxd6 67. Bb4+ Kd7 68. Kg6 Nc6 69. Bc5 f5 70. Kf6 Na5 71. Bb6 Nc4 72. Bc5 Nd2 73. Ke5 Ne4 74. Ba3 Nxf2 75. Kf4 Ng4 76. Bb4 Nf6 77. Ba3 Ng8 78. Kg5 Ne7 79. Kf4 Nc6 80. Bc5 Ke8 81. Kg5 Kf7 82. Bb6 Kg7 83. Bc5 Nd8 84. Be7 Nf7+ 85. Kf4 Kg6 86. Bh4 Nh8 87. Bd8 Kf7 88. Kg5 Ng6 89. Bc7 Ne7 90. Bd6 Nc6 91. Bc5 Ke8 92. Kf4 Na5 93. Bb4 Nb7 94. Ba3 Kd7 95. Bf8 Na5 96. Kg5 Ke8 97. Bg7 Kf7 98. Bh8 Kg8 99. Bf6 Nc6 100. Kf4 Kf7 101. Bh8 Ne7 102. Kg5 Ng6 103. Bf6 f4 104. Bd8 f3 0-1

[Event "Los Angeles 1000GM IM 02"]
[Site "Los Angeles"]
[Date "2023.02.23"]
[Round "3"]
[White "Lin, Andy"]
[Black "Cervantes Landeiro, Thalia"]
[Result "1-0"]
[WhiteElo "2301"]
[BlackElo "2268"]
[PlyCount "109"]
[EventDate "2023.02.22"]
[EventType "tourn"]
[EventRounds "9"]
[EventCountry "USA"]
[EventCategory "3"]
[SourceTitle "CBM 213 Extra"]
[Source "ChessBase"]
[SourceDate "2023.05.31"]
[SourceVersion "1"]
[SourceVersionDate "2023.05.31"]
[SourceQuality "1"]

1. Nf3 d5 2. g3 g6 3. Bg2 Bg7 4. d4 Nf6 5. 0-0 0-0 6. c4 dxc4 7. Na3 c3 8. bxc3 c5 9. Re1 Nc6 10. Bb2 Qb6 11. Nc4 Qa6 12. Ncd2 Rd8 13. a4 Bg4 14. e3 e5 15. Qb1 exd4 16. cxd4 cxd4 17. Nxd4 Rac8 18. N2b3 Nxd4 19. Nxd4 h5 20. a5 h4 21. Qa2 h3 22. Bh1 Nd7 23. f3 Be6 24. Nxe6 Qxe6 25. Qxe6 fxe6 26. Bxg7 Kxg7 27. f4 b6 28. axb6 axb6 29. Ra7 Kf6 30. Rb7 Rb8 31. Ra7 Nc5 32. Bf3 Rd2 33. Rh7 b5 34. Rc1 Rc8 35. g4 g5 36. fxg5+ Kg6 37. Rh6+ Kg7 38. Rh5 b4 39. g6 Rf8 40. Rh7+ Kxg6 41. Rxh3 Nd3 42. Rc7 b3 43. Be4+ Kg5 44. Rg7+ Kf6 45. Rb7 Rd1+ 46. Kg2 Ne1+ 47. Kg3 Ke5 48. Rb4 Nc2 49. Rh5+ Kd6 50. Rb6+ Ke7 51. Rxb3 Rg1+ 52. Kh4 Rf2 53. Kg5 Ne1 54. Rb6 Rf7 55. Rb7+ 1-0

[Event "Los Angeles 1000GM IM 02"]
[Site "Los Angeles"]
[Date "2023.02.22"]
[Round "2"]
[White "Raja, Harshit"]
[Black "Lin, Andy"]
[Result "1-0"]
[WhiteElo "2465"]
[BlackElo "2301"]
[PlyCount "59"]
[EventDate "2023.02.22"]
[EventType "tourn"]
[EventRounds "9"]
[EventCountry "USA"]
[EventCategory "3"]
[SourceTitle "CBM 213 Extra"]
[Source "ChessBase"]
[SourceDate "2023.05.31"]
[SourceVersion "1"]
[SourceVersionDate "2023.05.31"]
[SourceQuality "1"]

1. e4 c5 2. Nf3 d6 3. d4 cxd4 4. Nxd4 Nf6 5. Nc3 a6 6. Bg5 e6 7. f4 h6 8. Bh4 Qb6 9. a3 Nc6 10. Bf2 Qc7 11. Qf3 e5 12. Nxc6 bxc6 13. fxe5 Ng4 14. Bg3 Nxe5 15. Bxe5 dxe5 16. Bc4 Bc5 17. 0-0-0 0-0 18. Rhf1 Qe7 19. Qh5 Qg5+ 20. Qxg5 hxg5 21. Na4 Be3+ 22. Kb1 Bg4 23. Rd6 Ra7 24. h3 Bc8 25. Rd3 Bf4 26. g3 Bxh3 27. Rf2 Be6 28. Bxe6 fxe6 29. Nc5 Re7 30. Rg2 1-0

[Event "Hollywood Masters op"]
[Site "Los Angeles"]
[Date "2022.10.29"]
[Round "8"]
[White "Caglar, Sila"]
[Black "Lin, Andy"]
[Result "1-0"]
[WhiteElo "2268"]
[BlackElo "2265"]
[PlyCount "87"]
[EventDate "2022.10.26"]
[EventType "swiss"]
[EventRounds "9"]
[EventCountry "USA"]
[SourceTitle "EXT 2024"]
[Source "ChessBase"]
[SourceDate "2023.10.10"]
[SourceVersion "1"]
[SourceVersionDate "2023.10.10"]
[SourceQuality "1"]

1. e4 c6 2. Nc3 d5 3. Nf3 dxe4 4. Nxe4 Nf6 5. Qe2 Nxe4 6. Qxe4 Nd7 7. Bc4 Nf6 8. Ne5 e6 9. Qe2 b5 10. Bb3 Qc7 11. d4 Bd6 12. c3 0-0 13. 0-0 c5 14. Qxb5 a5 15. Qe2 cxd4 16. cxd4 Ba6 17. Bc4 Bxe5 18. Bxa6 Bxh2+ 19. Kh1 Bf4 20. Bc4 Rfd8 21. Rd1 Rab8 22. b3 Bxc1 23. Raxc1 Qf4 24. g3 Qc7 25. Kg1 Qb6 26. Qe5 Nd5 27. a4 Rd6 28. Bb5 Rbd8 29. Rc4 f6 30. Qh5 Nc7 31. Rdc1 Rd5 32. Qe2 Nxb5 33. axb5 e5 34. Rc5 Rxd4 35. Rc6 Qb7 36. b6 h6 37. Qb5 R4d5 38. Qc4 Kh8 39. Rc8 Rd1+ 40. Rxd1 Rxc8 41. Qe6 Rc6 42. Rd8+ Kh7 43. Qf5+ g6 44. Qd7+ 1-0

[Event "Hollywood Masters op"]
[Site "Los Angeles"]
[Date "2022.10.28"]
[Round "6"]
[White "Zhou, Jianchao"]
[Black "Lin, Andy"]
[Result "1-0"]
[WhiteElo "2570"]
[BlackElo "2265"]
[PlyCount "49"]
[EventDate "2022.10.26"]
[EventType "swiss"]
[EventRounds "9"]
[EventCountry "USA"]
[SourceTitle "EXT 2024"]
[Source "ChessBase"]
[SourceDate "2023.10.10"]
[SourceVersion "1"]
[SourceVersionDate "2023.10.10"]
[SourceQuality "1"]

1. d4 d5 2. c4 e6 3. Nc3 c6 4. e3 Nf6 5. Nf3 Nbd7 6. Qc2 Bd6 7. Bd3 dxc4 8. Bxc4 0-0 9. 0-0 b5 10. Be2 Bb7 11. e4 e5 12. dxe5 Nxe5 13. Nd4 Neg4 14. Nf5 Bxh2+ 15. Kh1 g6 16. f3 gxf5 17. fxg4 Nxg4 18. Rxf5 Bf4 19. Rh5 Nf6 20. Rh3 Be5 21. Bg5 Kh8 22. Rf1 Rg8 23. Bxf6+ Bxf6 24. e5 Bh4 25. Rf5 1-0

[Event "Hollywood Masters op"]
[Site "Los Angeles"]
[Date "2022.10.26"]
[Round "1"]
[White "Lin, Andy"]
[Black "Kevlishvili, Robby"]
[Result "1/2-1/2"]
[WhiteElo "2265"]
[BlackElo "2536"]
[PlyCount "191"]
[EventDate "2022.10.26"]
[EventType "swiss"]
[EventRounds "9"]
[EventCountry "USA"]
[SourceTitle "EXT 2024"]
[Source "ChessBase"]
[SourceDate "2023.10.10"]
[SourceVersion "1"]
[SourceVersionDate "2023.10.10"]
[SourceQuality "1"]

1. Nf3 d5 2. g3 Bg4 3. Bg2 Nd7 4. 0-0 c6 5. h3 Bxf3 6. exf3 e6 7. d4 Bd6 8. Re1 Ne7 9. Nc3 0-0 10. Ne2 b5 11. c3 a5 12. Bf4 Bxf4 13. Nxf4 c5 14. dxc5 Nxc5 15. Bf1 Rb8 16. Rc1 Qd6 17. Nd3 Rfc8 18. Qd2 Nf5 19. Kg2 Qd8 20. h4 Nd6 21. Nxc5 Rxc5 22. Bd3 Nc4 23. Qc2 h6 24. Qe2 Qf6 25. f4 Rbc8 26. a3 R5c7 27. Rc2 Rb7 28. Rec1 Re7 29. Re1 Rce8 30. Bxc4 bxc4 31. Qd1 Rb8 32. Ree2 Reb7 33. Red2 Rb6 34. Qe2 Qf5 35. Qe3 h5 36. Qd4 Rb5 37. Qe3 Qf6 38. Qf3 g6 39. Qe3 Rb3 40. Qe2 R8b6 41. Kh2 Qd8 42. Qe3 Qb8 43. Qe2 Qb7 44. Kg1 Qb8 45. Kh2 Qd8 46. Qe5 Qf8 47. Qe3 Qg7 48. Qe2 Qf6 49. Kg2 Qf5 50. Kh2 Rb8 51. Kg2 R3b7 52. Qe3 Re8 53. Qd4 Rbe7 54. Rc1 Rb8 55. Rcc2 Rb5 56. Kh2 Rbb7 57. Re2 Qd3 58. Red2 Qxd4 59. Rxd4 Rb5 60. Re2 Reb7 61. Rdd2 Kf8 62. Kg2 Ke7 63. Kf1 Kd6 64. Ke1 f6 65. Kd1 Rf7 66. Re3 e5 67. Rde2 e4 68. Rd2 Kc5 69. Kc1 Rb8 70. a4 Rg8 71. Re1 g5 72. Red1 Rd7 73. hxg5 fxg5 74. fxg5 Rxg5 75. Re1 Rf7 76. Rh1 Rf3 77. Re2 Rgf5 78. Rh2 Rd3 79. Kc2 Kd6 80. Rh4 Ke6 81. g4 hxg4 82. Rxg4 Rdf3 83. Rg2 Rh5 84. Re3 Rf6 85. Kd2 Ke5 86. Reg3 Rff5 87. Rg8 Rh1 88. Rb8 Ra1 89. Ke3 Rxa4 90. Re8+ Kd6 91. Rg6+ Kc5 92. Rc8+ Kb5 93. Rb8+ Kc5 94. Rc8+ Kb5 95. Rb8+ Kc5 96. Rc8+ 1/2-1/2

[Event "Hollywood Classic 3rd"]
[Site "Los Angeles"]
[Date "2022.08.07"]
[Round "9"]
[White "Lin, Andy"]
[Black "Kavutskiy, Konstantin"]
[Result "0-1"]
[WhiteElo "2246"]
[BlackElo "2401"]
[PlyCount "64"]
[EventDate "2022.08.03"]
[EventType "swiss"]
[EventRounds "9"]
[EventCountry "USA"]
[SourceTitle "CBM 209 Extra"]
[Source "ChessBase"]
[SourceDate "2022.09.30"]
[SourceVersion "1"]
[SourceVersionDate "2022.09.30"]
[SourceQuality "1"]

1. Nf3 Nf6 2. g3 g6 3. b3 Bg7 4. Bb2 0-0 5. Bg2 b6 6. 0-0 Bb7 7. c4 c5 8. d4 cxd4 9. Nxd4 Bxg2 10. Kxg2 d5 11. cxd5 Qxd5+ 12. Nf3 Qb7 13. Na3 Na6 14. Rc1 Nb4 15. Qe1 a5 16. Ra1 Rac8 17. Qb1 Rc5 18. Nc4 Rfc8 19. a3 Nc6 20. Rc1 h5 21. h4 Bh6 22. Rd1 Rf5 23. e4 Rxf3 24. Kxf3 Ng4 25. Kg2 b5 26. Nxa5 Nxa5 27. Qd3 f5 28. Kg1 fxe4 29. Qd4 e5 30. Qd6 Qf7 31. Rf1 Nxb3 32. Rad1 Bf8 0-1

[Event "Hollywood Classic 3rd"]
[Site "Los Angeles"]
[Date "2022.08.06"]
[Round "6"]
[White "Lin, Andy"]
[Black "Batchuluun, Tsegmed"]
[Result "1/2-1/2"]
[WhiteElo "2246"]
[BlackElo "2505"]
[PlyCount "71"]
[EventDate "2022.08.03"]
[EventType "swiss"]
[EventRounds "9"]
[EventCountry "USA"]
[SourceTitle "CBM 209 Extra"]
[Source "ChessBase"]
[SourceDate "2022.09.30"]
[SourceVersion "1"]
[SourceVersionDate "2022.09.30"]
[SourceQuality "1"]

1. Nf3 d5 2. g3 Nf6 3. Bg2 c5 4. 0-0 Nc6 5. d4 e6 6. c4 dxc4 7. Qa4 Bd7 8. Qxc4 b5 9. Qd3 Rc8 10. dxc5 Bxc5 11. Nc3 0-0 12. Bg5 Nb4 13. Qd1 Bc6 14. Rc1 Be7 15. a3 Nbd5 16. Nxd5 Bxd5 17. Qd4 h6 18. Be3 a6 19. Rxc8 Qxc8 20. Qa7 Qb7 21. Qxb7 Bxb7 22. Rc1 Rc8 23. Rxc8+ Bxc8 24. Ne5 Bd6 25. Bd4 Kf8 26. Kf1 Ne8 27. Nd3 f6 28. f4 Be7 29. e4 Nd6 30. e5 Nf5 31. Bb6 g5 32. Ke2 gxf4 33. gxf4 fxe5 34. fxe5 Bg5 35. Bc6 Ne7 36. Be4 1/2-1/2

[Event "Chicago op 31st"]
[Site "Wheeling"]
[Date "2022.07.29"]
[Round "7"]
[White "Sheng, Joshua"]
[Black "Lin, Andy"]
[Result "1/2-1/2"]
[WhiteElo "2487"]
[BlackElo "2251"]
[PlyCount "59"]
[EventDate "2022.05.26"]
[EventType "swiss"]
[EventRounds "9"]
[EventCountry "USA"]
[SourceTitle "EXT 2024"]
[Source "ChessBase"]
[SourceDate "2023.10.10"]
[SourceVersion "1"]
[SourceVersionDate "2023.10.10"]
[SourceQuality "1"]

1. e4 c6 2. d4 d5 3. e5 Bf5 4. h4 h5 5. c4 e6 6. Nc3 Ne7 7. Nge2 Nd7 8. Ng3 Bg6 9. Bg5 Qb6 10. Rc1 Qxb2 11. Bd3 Bxd3 12. Qxd3 f6 13. exf6 gxf6 14. Be3 dxc4 15. Qxc4 Nd5 16. Nxd5 exd5 17. Qd3 Bb4+ 18. Kf1 0-0-0 19. Bf4 Rde8 20. Kg1 Qa3 21. Qf5 Rhg8 22. Rh3 Rg4 23. Rf1 Reg8 24. Kh1 Qb2 25. Be3 Bd6 26. Nxh5 Kc7 27. Nf4 Kc8 28. g3 Bxf4 29. Bxf4 Qxd4 30. h5 1/2-1/2